000
00267nam a22000977a 4500
008
170118b xxu||||| |||| 00| 0 eng d
041
_a
eng
080
_a
618.2
245
_a
LUPUS: A PATIENT CARE GUIDE FOR NURSES AND OTHER HEALTH PROFESSIONALS
_c
NASS, T
942
_2
udc
_c
BK
999
_c
3038
_d
3038